[Event "Oberbayern Bezirksliga 1718"]
[White "Besner, Bernhard"]
[Black "Hauschild, Helmut"]
[Site "Germany"]
[Round "9.2"]
[Result "1/2-1/2"]
[Date "2018.04.15"]
[WhiteElo "2088"]
[BlackElo "2081"]
[PlyCount "30"]
[EventDate "2017.10.22"]
[EventType "team-tourn"]
[EventRounds "9"]
[EventCountry "GER"]
[SourceTitle "EXT 2019"]
[Source "ChessBase"]
[SourceDate "2018.10.10"]
[SourceVersion "1"]
[SourceVersionDate "2018.10.10"]
[SourceQuality "1"]
[WhiteTeam "Freilassing"]
[BlackTeam "Waldkraiburg"]
[WhiteTeamCountry "GER"]
[BlackTeamCountry "GER"]

1. e4 c6 2. d4 d5 3. exd5 cxd5 4. c4 Nf6 5. Nc3 g6 6. cxd5 Bg7 7. Qb3 0-0 8. Be2 Nbd7 9. Bf3 Nb6 10. Nge2 Bg4 11. Bxg4 Nxg4 12. 0-0 Nf6 13. Nf4 Qd7 14. Re1 Rad8 15. Be3 Nfxd5 1/2-1/2

[Event "Regionalliga SO 1516"]
[White "Hauschild, Helmut"]
[Black "Huber, Josef1"]
[Site "Bayern"]
[Round "8.7"]
[Result "1/2-1/2"]
[Date "2016.03.13"]
[WhiteElo "2097"]
[BlackElo "1876"]
[PlyCount "33"]
[EventDate "2015.10.11"]
[EventType "team-tourn"]
[EventRounds "9"]
[EventCountry "GER"]
[SourceTitle "EXT 2018"]
[Source "ChessBase"]
[SourceDate "2017.10.13"]
[SourceVersion "1"]
[SourceVersionDate "2017.10.13"]
[SourceQuality "1"]
[WhiteTeam "Waldkraiburg"]
[BlackTeam "Bruckmuehl"]
[WhiteTeamCountry "GER"]
[BlackTeamCountry "GER"]

1. e4 e6 2. d3 d5 3. Nd2 Nf6 4. Ngf3 Bc5 5. Qe2 dxe4 6. Nxe4 Nxe4 7. dxe4 c6 8. Be3 Qb6 9. Bxc5 Qxc5 10. Qc4 Nd7 11. Bd3 0-0 12. Qxc5 Nxc5 13. Rd1 Rd8 14. 0-0 Nxd3 15. Ne5 f6 16. Nxd3 b6 17. Nb4 1/2-1/2

[Event "Regionalliga SO 1415"]
[White "Hauschild, Helmut"]
[Black "Mayr, Florian"]
[Site "Bayern"]
[Round "7.3"]
[Result "0-1"]
[Date "2015.02.22"]
[WhiteElo "2097"]
[BlackElo "2092"]
[PlyCount "150"]
[EventDate "2014.10.19"]
[EventType "team-tourn"]
[EventRounds "9"]
[EventCountry "GER"]
[SourceTitle "EXT 2018"]
[Source "ChessBase"]
[SourceDate "2017.10.13"]
[SourceVersion "1"]
[SourceVersionDate "2017.10.13"]
[SourceQuality "1"]
[WhiteTeam "Waldkraiburg"]
[BlackTeam "Starnberger See"]
[WhiteTeamCountry "GER"]
[BlackTeamCountry "GER"]

1. e4 c5 2. d3 Nc6 3. g3 g6 4. Bg2 Bg7 5. f4 d6 6. Nf3 Bg4 7. h3 Bd7 8. 0-0 Qc7 9. c3 Nf6 10. Na3 e5 11. Nc4 Nh5 12. Qe1 Ne7 13. a4 0-0 14. fxe5 dxe5 15. g4 Nf4 16. Bxf4 exf4 17. Qh4 Bc6 18. a5 Rad8 19. Rad1 Ba4 20. Rd2 Bb5 21. Rfd1 Nc6 22. g5 f6 23. Qg4 Rd7 24. gxf6 Bxf6 25. e5 Bg7 26. Qe6+ Kh8 27. Nd6 Ba4 28. b3 Re7 29. Qd5 Nxe5 30. bxa4 Nxf3+ 31. Bxf3 Re5 32. Nb5 Qe7 33. Qxb7 Re1+ 34. Kh2 Qh4 35. Rg2 Rxd1 36. Bxd1 f3 37. Qe4 f2 38. Be2 Qxe4 39. dxe4 Be5+ 40. Kh1 f1Q+ 41. Bxf1 Rxf1+ 42. Rg1 Rf2 43. Rg5 Bf4 44. Rxc5 Kg7 45. Nd4 Be3 46. e5 Ra2 47. e6 Kf6 48. e7 Kxe7 49. Re5+ Kd6 50. Rxe3 Rxa4 51. Nb3 Kd5 52. Rg3 Ra2 53. Nd4 Ke4 54. Nb3 Kf4 55. Rd3 Ke4 56. Nc5+ Kf4 57. a6 h5 58. Ne6+ Ke5 59. Re3+ Kf5 60. Nd4+ Kf4 61. Rf3+ Ke4 62. Rf6 g5 63. Nb5 Ke5 64. Rh6 Kf4 65. Rxh5 Rxa6 66. Nd4 Ra3 67. Kg2 Ra2+ 68. Kf1 a5 69. Rh8 a4 70. Rf8+ Ke4 71. Ne2 a3 72. Ra8 Ke3 73. Re8+ Kf3 74. Nd4+ Kg3 75. Re3+ Kf4 0-1

[Event "Regionalliga SO 1213"]
[White "Hauschild, Helmut"]
[Black "Gesing, Oliver"]
[Site "Bayern"]
[Round "8.2"]
[Result "1-0"]
[Date "2013.03.17"]
[WhiteElo "2150"]
[BlackElo "2078"]
[PlyCount "35"]
[EventDate "2012.10.14"]
[EventType "team-tourn"]
[EventRounds "9"]
[EventCountry "GER"]
[SourceTitle "EXT 2015"]
[Source "ChessBase"]
[SourceDate "2014.11.20"]
[SourceVersion "1"]
[SourceVersionDate "2014.11.20"]
[SourceQuality "1"]
[WhiteTeam "Waldkraiburg"]
[BlackTeam "Graefelfing"]
[WhiteTeamCountry "GER"]
[BlackTeamCountry "GER"]

1. e4 e6 2. d3 d5 3. Nd2 Nc6 4. Ngf3 Nf6 5. c3 Be7 6. e5 Nd7 7. d4 f6 8. exf6 Nxf6 9. Bd3 0-0 10. 0-0 Bd6 11. Re1 Bd7 12. b4 Qe8 13. Ne5 Ne7 14. Ndf3 Qh5 15. Bg5 Be8 16. h3 h6 17. g4 Ba4 18. Qxa4 1-0

[Event "Regionalliga SO 1011"]
[White "Class, Wolfgang"]
[Black "Hauschild, Helmut"]
[Site "Bayern"]
[Round "7.2"]
[Result "1-0"]
[Date "2011.02.27"]
[WhiteElo "2065"]
[BlackElo "2133"]
[PlyCount "91"]
[EventDate "2010.10.10"]
[EventType "team-tourn"]
[EventRounds "9"]
[EventCountry "GER"]
[SourceTitle "EXT 2012"]
[Source "ChessBase"]
[SourceDate "2011.11.24"]
[SourceVersion "1"]
[SourceVersionDate "2011.11.24"]
[SourceQuality "1"]
[WhiteTeam "Ingolstadt II"]
[BlackTeam "Waldkraiburg"]
[WhiteTeamCountry "GER"]
[BlackTeamCountry "GER"]

1. d4 Nf6 2. c4 g6 3. g3 Bg7 4. Bg2 0-0 5. Nc3 d6 6. Nf3 Nc6 7. 0-0 a6 8. d5 Na5 9. Nd2 c5 10. Qc2 Rb8 11. b3 b5 12. Bb2 Bh6 13. f4 Bg7 14. Nd1 e6 15. Bc3 exd5 16. cxd5 Bg4 17. Nf2 Bxe2 18. Rfe1 Re8 19. Nde4 b4 20. Bxf6 Bxf6 21. Qxe2 Bxa1 22. Rxa1 f5 23. Qxa6 fxe4 24. Nxe4 Nb7 25. Rf1 Rf8 26. Bh3 Qe7 27. Be6+ Kh8 28. Re1 Ra8 29. Qe2 Qg7 30. Kh1 Ra7 31. Rf1 Rfa8 32. f5 gxf5 33. Bxf5 Rxa2 34. Qh5 Ra1 35. Rxa1 Rxa1+ 36. Kg2 Ra2+ 37. Kh3 Ra8 38. Ng5 h6 39. Nf7+ Kg8 40. Nxh6+ Kf8 41. Bg6 Qh8 42. Qg5 Qe5 43. Nf5 Qh8+ 44. Kg4 Nd8 45. Qe7+ Kg8 46. Qe8# 1-0

[Event "Regionalliga SO 1011"]
[White "Hofmann, Juergen2"]
[Black "Hauschild, Helmut"]
[Site "Bayern"]
[Round "2.2"]
[Result "1/2-1/2"]
[Date "2010.10.24"]
[WhiteElo "2146"]
[BlackElo "2133"]
[PlyCount "30"]
[EventDate "2010.10.10"]
[EventType "team-tourn"]
[EventRounds "9"]
[EventCountry "GER"]
[SourceTitle "EXT 2012"]
[Source "ChessBase"]
[SourceDate "2011.11.24"]
[SourceVersion "1"]
[SourceVersionDate "2011.11.24"]
[SourceQuality "1"]
[WhiteTeam "Graefelfing"]
[BlackTeam "Waldkraiburg"]
[WhiteTeamCountry "GER"]
[BlackTeamCountry "GER"]

1. e4 c6 2. d4 d5 3. exd5 cxd5 4. Bd3 Nc6 5. c3 g6 6. Nf3 Bg7 7. 0-0 Nf6 8. Re1 0-0 9. Bf4 Bf5 10. Bxf5 gxf5 11. Nbd2 e6 12. Nb3 b6 13. Nc1 Rc8 14. Nd3 Ne4 15. Nfe5 Ne7 1/2-1/2

[Event "Regionalliga SO 1011"]
[White "Hauschild, Helmut"]
[Black "Schmidt, Wolfgang"]
[Site "Bayern"]
[Round "1.2"]
[Result "1/2-1/2"]
[Date "2010.10.10"]
[WhiteElo "2133"]
[BlackElo "2235"]
[PlyCount "30"]
[EventDate "2010.10.10"]
[EventType "team-tourn"]
[EventRounds "9"]
[EventCountry "GER"]
[SourceTitle "EXT 2012"]
[Source "ChessBase"]
[SourceDate "2011.11.24"]
[SourceVersion "1"]
[SourceVersionDate "2011.11.24"]
[SourceQuality "1"]
[WhiteTeam "Waldkraiburg"]
[BlackTeam "Landshut"]
[WhiteTeamCountry "GER"]
[BlackTeamCountry "GER"]

1. e4 c5 2. d3 Nc6 3. g3 g6 4. Bg2 Bg7 5. f4 e6 6. Nf3 Nge7 7. 0-0 0-0 8. c3 b6 9. Be3 Ba6 10. Bf2 Qc7 11. Re1 Rad8 12. a4 f5 13. Na3 Qb8 14. Nb5 Bb7 15. e5 Nc8 1/2-1/2

[Event "Regionalliga SO 0910"]
[White "Hauschild, Helmut"]
[Black "Besner, Bernhard"]
[Site "Bayern"]
[Round "8.3"]
[Result "1/2-1/2"]
[Date "2010.03.21"]
[WhiteElo "2133"]
[BlackElo "2198"]
[PlyCount "100"]
[EventDate "2009.10.18"]
[EventType "team-tourn"]
[EventRounds "9"]
[EventCountry "GER"]
[SourceTitle "EXT 2011"]
[Source "ChessBase"]
[SourceDate "2010.11.26"]
[SourceVersion "1"]
[SourceVersionDate "2010.11.26"]
[SourceQuality "1"]
[WhiteTeam "Waldkraiburg"]
[BlackTeam "Trostberg"]
[WhiteTeamCountry "GER"]
[BlackTeamCountry "GER"]

1. e4 d5 2. exd5 Qxd5 3. Nc3 Qa5 4. Bc4 Nf6 5. d3 Nc6 6. Bd2 Qf5 7. Nb5 Qd7 8. Nf3 a6 9. Nc3 Qf5 10. Qe2 Qh5 11. Ng5 Qxe2+ 12. Nxe2 e6 13. 0-0 Bd6 14. c3 Na5 15. Ng3 Nxc4 16. dxc4 Bd7 17. N5e4 Be7 18. Bf4 0-0-0 19. Ng5 Rhf8 20. Nf3 h6 21. Rfe1 g5 22. Be5 Ne8 23. Bd4 f6 24. Nf5 Rf7 25. Nxh6 Rg7 26. h3 e5 27. Be3 Nd6 28. b3 f5 29. Nxe5 Rh8 30. Nxd7 Kxd7 31. c5 Rxh6 32. cxd6 Bxd6 33. Rad1 Kc6 34. Bd4 Rgg6 35. Be5 g4 36. hxg4 Rxg4 37. Bxd6 Rgh4 38. g3 Rh1+ 39. Kg2 R1h2+ 40. Kf3 cxd6 41. Rd4 b5 42. a4 Rf6 43. axb5+ axb5 44. Re2 Rh1 45. Red2 Rb1 46. b4 Re1 47. c4 bxc4 48. Rxc4+ Kd7 49. Rcd4 Rb1 50. Kf4 Rb3 1/2-1/2

[Event "Regionalliga SO 0910"]
[White "Kiener, Georg"]
[Black "Hauschild, Helmut"]
[Site "Bayern"]
[Round "3.4"]
[Result "1/2-1/2"]
[Date "2009.11.29"]
[WhiteElo "2039"]
[BlackElo "2133"]
[PlyCount "136"]
[EventDate "2009.10.18"]
[EventType "team-tourn"]
[EventRounds "9"]
[EventCountry "GER"]
[SourceTitle "EXT 2011"]
[Source "ChessBase"]
[SourceDate "2010.11.26"]
[SourceVersion "1"]
[SourceVersionDate "2010.11.26"]
[SourceQuality "1"]
[WhiteTeam "Pang/Rosenheim II"]
[BlackTeam "Waldkraiburg"]
[WhiteTeamCountry "GER"]
[BlackTeamCountry "GER"]

1. e4 c6 2. d4 d5 3. e5 Bf5 4. h4 h6 5. g4 Bd7 6. Be2 e6 7. c3 c5 8. Be3 cxd4 9. cxd4 Qb6 10. Qd2 Nc6 11. Nc3 Rc8 12. Bd1 Na5 13. Na4 Qb4 14. a3 Qxd2+ 15. Bxd2 Nc4 16. b4 b6 17. Nc3 Ne7 18. Nge2 Nc6 19. Bb3 Ne7 20. Rh3 f6 21. f4 f5 22. g5 h5 23. Nd1 Ng6 24. Ne3 Nxe3 25. Bxe3 Bb5 26. Rc1 Rxc1+ 27. Bxc1 Bxe2 28. Kxe2 b5 29. Kf2 Ne7 30. Rc3 Kd7 31. Bd1 Nc6 32. Ke3 Be7 33. Bd2 g6 34. Rc1 a6 35. a4 Rb8 36. axb5 axb5 37. Be2 Kc7 38. Ra1 Kb6 39. Rb1 Ra8 40. Rb3 Ra2 41. Bc3 Bf8 42. Kd3 Ra4 43. Ke3 Ra7 44. Kd3 Ra4 45. Ke3 Ra8 46. Kd3 Ne7 47. Kc2 Ra2+ 48. Rb2 Ra4 49. Bd1 Nc6 50. Kd3 Ra3 51. Kc2 Be7 52. Kd2 Ra1 53. Kc2 Bf8 54. Kd2 Na7 55. Kc2 Nc8 56. Rb3 Ra4 57. Rb2 Kc6 58. Kd2 Ra6 59. Kc2 Nb6 60. Kb1 Ra3 61. Rb3 Ra7 62. Be1 Nc4 63. Be2 Ra4 64. Bd1 Be7 65. Rd3 Ra6 66. Rb3 Bd8 67. Be2 Bb6 68. Bc3 Ra7 1/2-1/2

[Event "Regionalliga SO 0809"]
[White "Hauschild, Helmut"]
[Black "Bauer, Robert"]
[Site "Bayern"]
[Round "7.4"]
[Result "1/2-1/2"]
[Date "2009.03.01"]
[WhiteElo "2109"]
[BlackElo "2060"]
[PlyCount "51"]
[EventDate "2008.10.05"]
[EventType "team-tourn"]
[EventRounds "9"]
[EventCountry "GER"]
[SourceTitle "EXT 2020"]
[Source "ChessBase"]
[SourceDate "2019.10.17"]
[SourceVersion "1"]
[SourceVersionDate "2019.10.17"]
[SourceQuality "1"]
[WhiteTeam "Waldkraiburg"]
[BlackTeam "Freising"]
[WhiteTeamCountry "GER"]
[BlackTeamCountry "GER"]

1. e4 e5 2. Nf3 Nc6 3. Bc4 Bc5 4. c3 Nf6 5. d3 d6 6. 0-0 0-0 7. Re1 Bg4 8. h3 Bh5 9. Nbd2 a6 10. Bb3 Qd7 11. Nf1 Ba7 12. Ng3 Bg6 13. Nh4 Kh8 14. Bg5 Ne8 15. Ngf5 Bxf5 16. Nxf5 f6 17. Be3 Bxe3 18. Rxe3 g6 19. Nh4 Ng7 20. Kh2 Ne7 21. d4 Rad8 22. Qd2 Ne6 23. Bxe6 Qxe6 24. d5 Qd7 25. g3 Rf7 26. Rf1 1/2-1/2

[Event "Bayern-chI Bank Hofmann 4th"]
[White "Hauschild, Helmut"]
[Black "Kalka, Arkadius Georg"]
[Site "Bad Wiessee"]
[Round "4"]
[Result "1/2-1/2"]
[Date "2000.10.31"]
[WhiteElo "2179"]
[BlackElo "2378"]
[PlyCount "62"]
[EventDate "2000.10.28"]
[EventType "swiss"]
[EventRounds "9"]
[EventCountry "GER"]
[SourceTitle "EXT 2003"]
[Source "ChessBase"]
[SourceDate "2002.11.25"]
[SourceVersion "1"]
[SourceVersionDate "2002.11.25"]
[SourceQuality "1"]

1. e4 c5 2. Nf3 d6 3. d3 g6 4. g3 Nc6 5. Bg2 Bg7 6. c3 Nf6 7. 0-0 0-0 8. Re1 Ne8 9. Be3 e5 10. a3 a5 11. a4 h6 12. Na3 f5 13. exf5 gxf5 14. Nh4 Be6 15. f4 Qd7 16. Nc4 Bxc4 17. dxc4 e4 18. Bh3 Qe6 19. Qe2 Ne7 20. Rad1 Nf6 21. Rd2 h5 22. Red1 Ra6 23. Re1 Kf7 24. Bf2 Rh8 25. Nf3 Bh6 26. Nh4 Bg7 27. Nf3 Bh6 28. Nh4 Ng4 29. Bf1 Ng6 30. Nxf5 Qxf5 31. Rd5 Qc8 1/2-1/2

[Event "Bayern-chI Bank Hofmann 2nd"]
[White "Hauschild, Helmut"]
[Black "Ehrke, Michael"]
[Site "Bad Wiessee"]
[Round "6"]
[Result "0-1"]
[Date "1998.12.03"]
[WhiteElo "2210"]
[BlackElo "2250"]
[PlyCount "120"]
[EventDate "1998.11.28"]
[EventType "swiss"]
[EventRounds "9"]
[EventCountry "GER"]
[SourceTitle "EXT 2001"]
[Source "ChessBase"]
[SourceDate "2000.11.22"]
[SourceVersion "1"]
[SourceVersionDate "2000.11.22"]
[SourceQuality "1"]

1. e4 e5 2. Nf3 Nc6 3. d4 exd4 4. Nxd4 Bc5 5. Be3 Qf6 6. c3 Nge7 7. Bc4 Bb6 8. 0-0 0-0 9. Kh1 Rd8 10. f4 d5 11. e5 Qh4 12. Bd3 Nxd4 13. cxd4 Bg4 14. Qc2 g6 15. Qf2 Qxf2 16. Bxf2 Nc6 17. h3 Nb4 18. hxg4 Nxd3 19. Bh4 Bxd4 20. Nc3 Nxb2 21. Nb5 Bb6 22. Rab1 Nc4 23. Bxd8 Rxd8 24. Rbc1 a6 25. Nc3 c6 26. Rf3 Be3 27. Rd1 Bd2 28. Ne2 d4 29. Ng3 Kg7 30. Ne4 Be3 31. f5 Re8 32. f6+ Kg8 33. Nd6 Nxd6 34. exd6 Rd8 35. d7 h6 36. g3 c5 37. Kg2 b5 38. Rxe3 dxe3 39. Kf3 g5 40. Kxe3 c4 41. Rd6 b4 42. Kd4 c3 43. Kd3 a5 44. Kc2 Kh7 45. Kb3 Kg6 46. a3 bxa3 47. Kxc3 a4 48. Ra6 Rxd7 49. Rxa4 Kxf6 50. Rxa3 Kg6 51. Ra8 Rd1 52. Ra3 f6 53. Rb3 h5 54. Kc2 Rd4 55. gxh5+ Kxh5 56. Kc3 Re4 57. Kd3 f5 58. Rb5 Kg4 59. Ra5 Re1 60. Ra3 Rg1 0-1